Not Quite A Movie Title - DreamWorks - Statistics

General Stats
  • This quiz has been taken 1,992 times
  • The average score is 11 of 16
Answer Stats
Year Imperfect Title Correct Title % Correct
2010 How to Train Your Brain How to Train Your Dragon
98%
2008 Kung Fu Prince Kung Fu Panda
98%
2017 The Boss Boy The Boss Baby
96%
2007 Bee Madness Bee Movie
82%
2014 Mr. Beanbody & Sherman Mr. Peabody & Sherman
76%
2013 The Broods The Croods
75%
2009 Dinosaurs vs. Aliens Monsters vs. Aliens
74%
2004 Whale Tale Shark Tale
71%
2007 Shrek the Bird Shrek the Third
71%
2000 Chicken Walk Chicken Run
69%
2012 Fall of the Guardians Rise of the Guardians
69%
2006 Flushed Down Flushed Away
61%
2015 House Home
54%
2010 Shrek Ever After Shrek Forever After
53%
2008 Madagascar: Escape From Africa Madagascar: Escape 2 Africa
44%
2012 Madagascar 3: Africa's Most Wanted Madagascar 3: Europe's Most Wanted
42%
No matching quizzes found
Score Distribution
Percent of People with Each Score
Percentile by Number Answered
Your Score History
You have not taken this quiz